Wildcats 15 seconds - Statistics

General Stats
  • This quiz has been taken 6 times
  • The average score is 4 of 15
Answer Stats
Answer % Correct
Lion
83%
Leopard
50%
Puma
50%
Tiger
50%
Cheetah
33%
African Wild cat
17%
Bobcat
17%
Jaguar
17%
Lynx
17%
Ocelot
17%
African Margay cat
0%
Caracal cat
0%
Cougar cat
0%
Florida Panther cat
0%
Margay cat
0%
No matching quizzes found
Score Distribution
Percent of People with Each Score
Percentile by Number Answered
Your Score History
You have not taken this quiz